[Event "Speed Chess (Women) Q2"]
[Site "Chess.com INT"]
[Date "2022.05.26"]
[Round "9"]
[White "Kalinina, Larisa"]
[Black "Pritulina, Svetlana"]
[Result "1-0"]
[WhiteElo "2137"]
[BlackElo "2022"]
[PlyCount "65"]
[EventDate "2022.05.26"]
[EventType "swiss (blitz)"]
[EventRounds "14"]
[EventCountry "USA"]
[SourceTitle "CBM 208 Extra"]
[Source "ChessBase"]
[SourceDate "2022.07.31"]
[SourceVersion "1"]
[SourceVersionDate "2022.07.31"]
[SourceQuality "1"]

1. e4 d6 2. d4 g6 3. Nc3 Bg7 4. f4 f5 5. e5 dxe5 6. fxe5 c5 7. Bb5+ Bd7 8. dxc5 Bxe5 9. Bxd7+ Qxd7 10. Qxd7+ Nxd7 11. Be3 Rc8 12. Nge2 Nxc5 13. 0-0-0 Nf6 14. Nd5 e6 15. Nxf6+ Bxf6 16. Nf4 e5 17. Nd5 Bg7 18. Rhe1 b6 19. Bd4 Nb3+ 20. axb3 0-0 21. Ne7+ Kf7 22. Nxc8 Rxc8 23. Bxe5 Bh6+ 24. Kb1 g5 25. Rd7+ Kg6 26. Rxa7 Bf8 27. Rd1 f4 28. Rb7 Bc5 29. b4 Be3 30. Bd4 Rd8 31. Rxb6+ Kf5 32. Rb5+ Ke4 33. Re5# 1-0

[Event "Speed Chess (Women) Q2"]
[Site "Chess.com INT"]
[Date "2022.05.26"]
[Round "3"]
[White "Pritulina, Svetlana"]
[Black "Tarasova, Viktoriya"]
[Result "0-1"]
[WhiteElo "2022"]
[BlackElo "2226"]
[PlyCount "62"]
[EventDate "2022.05.26"]
[EventType "swiss (blitz)"]
[EventRounds "14"]
[EventCountry "USA"]
[SourceTitle "CBM 208 Extra"]
[Source "ChessBase"]
[SourceDate "2022.07.31"]
[SourceVersion "1"]
[SourceVersionDate "2022.07.31"]
[SourceQuality "1"]

1. e4 e5 2. g3 Nc6 3. Bg2 Bc5 4. d3 Nf6 5. Ne2 d6 6. 0-0 0-0 7. c3 a5 8. h3 d5 9. Bg5 dxe4 10. Bxf6 Qxf6 11. dxe4 Be6 12. Kh2 Rfd8 13. Qc2 Bc4 14. f4 Bd3 15. fxe5 Qxf1 16. Bxf1 Bxc2 17. Bg2 Rd1 18. Na3 Rxa1 19. Nxc2 Rxa2 20. Ncd4 Rxb2 21. e6 fxe6 22. Nxc6 bxc6 23. Nf4 Rb1 24. h4 a4 25. Nxe6 Bg1+ 26. Kh3 a3 27. e5 a2 28. Bxc6 a1Q 29. Bd5 Kh8 30. Ng5 Rf8 31. e6 Bc5 0-1

[Event "Titled Tuesday intern op 27th July"]
[Site "Chess.com INT"]
[Date "2021.07.27"]
[Round "6"]
[White "Pritulina, Svetlana"]
[Black "Valle Maytin, Luis Enrique"]
[Result "0-1"]
[WhiteElo "2022"]
[BlackElo "2284"]
[PlyCount "78"]
[EventDate "2021.07.27"]
[EventType "swiss (blitz)"]
[EventRounds "11"]
[EventCountry "USA"]
[SourceTitle "CBM 203 Extra"]
[Source "ChessBase"]
[SourceDate "2021.09.30"]
[SourceVersion "1"]
[SourceVersionDate "2021.09.30"]
[SourceQuality "1"]

1. e4 d5 2. e5 Bf5 3. f4 h5 4. g3 c5 5. d3 Nc6 6. Bg2 e6 7. c3 Be7 8. Be3 Nh6 9. h3 Qd7 10. Ne2 Bg6 11. Bf2 Nf5 12. Nd2 Rc8 13. Nf3 Nh6 14. Qd2 a6 15. Nh2 b5 16. a3 Na5 17. Qd1 c4 18. d4 Nb3 19. Ra2 Bd3 20. 0-0 g6 21. Nf3 Be4 22. Nd2 Bxg2 23. Kxg2 Na5 24. Ra1 Nf5 25. Nf3 Rg8 26. Kh2 g5 27. Qc2 g4 28. Nfg1 gxh3 29. Nxh3 h4 30. gxh4 Nb3 31. Rae1 a5 32. Rg1 Rxg1 33. Rxg1 Kd8 34. Rg8+ Kc7 35. Rxc8+ Qxc8 36. Ng5 Bxg5 37. fxg5 Qh8 38. Kh3 Qh5 39. Nf4 Qf3+ 0-1

[Event "EST-ch (Women)"]
[Site "Tallinn"]
[Date "2000.05.03"]
[Round "5"]
[White "Pritulina, Svetlana"]
[Black "Budylina, Sofia"]
[Result "0-1"]
[WhiteElo "2046"]
[BlackElo "2094"]
[PlyCount "78"]
[EventDate "2000.04.27"]
[EventType "tourn"]
[EventRounds "9"]
[EventCountry "EST"]
[SourceTitle "CBM 075 Extra"]
[Source "ChessBase"]
[SourceDate "2000.05.11"]
[SourceVersion "2"]
[SourceVersionDate "2000.05.11"]
[SourceQuality "1"]

1. d4 f5 2. c4 Nf6 3. Nc3 g6 4. Nf3 Bg7 5. g3 0-0 6. Bg2 d6 7. 0-0 Nc6 8. b3 e5 9. dxe5 dxe5 10. Ba3 Re8 11. Nb5 Bd7 12. Ng5 e4 13. h4 h6 14. Nh3 a6 15. Nc3 Be6 16. Rc1 Qxd1 17. Rfxd1 Rad8 18. Bb2 Nh5 19. Na4 Bxb2 20. Nxb2 Nd4 21. Bf1 f4 22. Nxf4 Nxf4 23. gxf4 Bg4 24. Re1 Rf8 25. Kg2 Nf5 26. Red1 h5 27. Rc3 Nxh4+ 28. Kg3 Nf5+ 29. Kh2 Rxd1 30. Nxd1 Nd4 31. f3 exf3 32. e3 Ne6 33. Nf2 g5 34. Bh3 Bxh3 35. Nxh3 g4 36. Nf2 Ng7 37. Rc1 Nf5 38. e4 Nd4 39. Nd3 Ne2 0-1

[Event "EST-chT"]
[Site "Tallinn"]
[Date "1999.04.03"]
[Round "3"]
[White "Pritulina, Svetlana"]
[Black "Ranniku, Maaja"]
[Result "0-1"]
[WhiteElo "2020"]
[BlackElo "2110"]
[PlyCount "139"]
[EventDate "1999.??.??"]
[EventType "team"]
[EventRounds "10"]
[EventCountry "EST"]
[SourceTitle "EXT 2000"]
[Source "ChessBase"]
[SourceDate "1999.11.16"]
[SourceVersion "1"]
[SourceVersionDate "1999.11.16"]
[SourceQuality "1"]

1. e4 e6 2. d4 d5 3. Nc3 Bb4 4. e5 b6 5. a3 Bxc3+ 6. bxc3 Ne7 7. Bg5 Qd7 8. Bd3 Ba6 9. Bxa6 Nxa6 10. Qd3 Nb8 11. Qg3 Ng6 12. h4 h5 13. Ne2 Qa4 14. Qd3 Nc6 15. f4 Nge7 16. Ng3 g6 17. Bf6 Rg8 18. 0-0 0-0-0 19. Rfb1 Rd7 20. Nf1 Nf5 21. Nd2 Kb7 22. Nb3 Ka8 23. Nc1 Rc8 24. Ra2 Nb8 25. Ne2 c5 26. Kf2 Nc6 27. dxc5 bxc5 28. Qb5 Qxb5 29. Rxb5 c4 30. Rc5 Rdc7 31. Rb5 Rb8 32. a4 a6 33. Rxb8+ Kxb8 34. g3 Rb7 35. Ng1 d4 36. cxd4 Nfxd4 37. c3 Nb3 38. Ne2 Rd7 39. Bg7 Rd8 40. Rb2 Kc8 41. Ke3 Rd3+ 42. Kf2 Nc5 43. Rc2 a5 44. Bf8 Nxa4 45. Ba3 Nb6 46. Bc1 Nd5 47. Bd2 Nde7 48. Nc1 Rd7 49. Ke2 Nf5 50. Be1 Rb7 51. Bf2 Nfe7 52. Kd2 Rd7+ 53. Ke1 Nd5 54. Ne2 Rb7 55. Kd2 Rb1 56. Ra2 Kb7 57. Kc2 Rf1 58. Bc5 Ka6 59. Rb2 a4 60. Nc1 Na5 61. Rb8 Nb3 62. Nxb3 axb3+ 63. Kb2 Rf3 64. Bd4 Rxg3 65. Rf8 Rg2+ 66. Kb1 Nxf4 67. Rxf7 Ne2 68. Ra7+ Kb5 69. Rb7+ Kc6 70. Rb6+ 0-1